[Event "MVP-ch Seniors op 19th"]
[Site "Ostseebad Binz"]
[Date "2019.11.29"]
[Round "3"]
[White "Rychlik, Kurt"]
[Black "Zimmermann, Ulrich1111"]
[Result "0-1"]
[WhiteElo "1981"]
[BlackElo "1801"]
[PlyCount "76"]
[EventDate "2019.11.27"]
[EventType "swiss"]
[EventRounds "9"]
[EventCountry "GER"]
[SourceTitle "EXT 2021"]
[Source "ChessBase"]
[SourceDate "2020.10.23"]
[SourceVersion "1"]
[SourceVersionDate "2020.10.23"]
[SourceQuality "1"]

1. e4 d5 2. exd5 Nf6 3. Bb5+ Bd7 4. Bc4 b5 5. Bb3 Bg4 6. f3 Bc8 7. Qe2 a6 8. a4 b4 9. c4 a5 10. d3 g6 11. Be3 Bg7 12. Nd2 0-0 13. Ne4 Re8 14. Rd1 c6 15. dxc6 Nxc6 16. Qf2 Nxe4 17. dxe4 Qc7 18. f4 Bh6 19. Ne2 Bg4 20. 0-0 e6 21. h3 Bxe2 22. Qxe2 Red8 23. Qf2 Rxd1 24. Bxd1 Rc8 25. b3 e5 26. Bg4 Re8 27. Bb6 Qb7 28. f5 Bf4 29. fxg6 hxg6 30. Rd1 Bg3 31. Qc5 Nd4 32. Qxa5 Qxe4 33. Bxd4 exd4 34. Qxb4 Qe3+ 35. Kh1 Qc3 36. Qxc3 dxc3 37. Kg1 c2 38. Rf1 Re1 0-1

[Event "MVP-ch Seniors op 18th"]
[Site "Ostseebad Binz"]
[Date "2018.12.02"]
[Round "5"]
[White "Rychlik, Kurt"]
[Black "Kyas, Juergen"]
[Result "0-1"]
[WhiteElo "1990"]
[BlackElo "2204"]
[PlyCount "62"]
[EventDate "2018.11.28"]
[EventType "swiss"]
[EventRounds "9"]
[EventCountry "GER"]
[SourceTitle "CBM 188 Extra"]
[Source "ChessBase"]
[SourceDate "2019.02.26"]
[SourceVersion "1"]
[SourceVersionDate "2019.02.26"]
[SourceQuality "1"]

1. Nf3 c5 2. g3 Nc6 3. Bg2 g6 4. e4 Bg7 5. 0-0 d6 6. d3 e5 7. Nbd2 Nge7 8. c3 0-0 9. h3 h6 10. g4 Be6 11. Nb3 b6 12. c4 Qd7 13. Kh1 a6 14. Bd2 b5 15. Rc1 Rac8 16. Rc2 f5 17. gxf5 gxf5 18. Nh4 f4 19. Kh2 Kh7 20. Rg1 Bf6 21. Nf3 Qe8 22. Be1 Qh5 23. Rc1 Rg8 24. Na5 Rg7 25. Nxc6 Nxc6 26. Nd2 Bg4 27. Nf3 Rcg8 28. Bc3 b4 29. Qa4 Bxf3 30. Bxf3 Qxf3 31. Rxg7+ Rxg7 0-1

[Event "Magdeburg Roechling Jubilee 2nd"]
[Site "Magdeburg"]
[Date "2018.02.25"]
[Round "2"]
[White "Rychlik, Kurt"]
[Black "Opl, Klaus"]
[Result "0-1"]
[WhiteElo "2008"]
[BlackElo "2200"]
[PlyCount "62"]
[EventDate "2018.02.24"]
[EventType "swiss"]
[EventRounds "9"]
[EventCountry "GER"]
[SourceTitle "EXT 2019"]
[Source "ChessBase"]
[SourceDate "2018.10.10"]
[SourceVersion "1"]
[SourceVersionDate "2018.10.10"]
[SourceQuality "1"]

1. Nf3 Nf6 2. g3 g6 3. Bg2 Bg7 4. 0-0 0-0 5. d3 c5 6. e4 Nc6 7. Nbd2 d6 8. c3 Rb8 9. Re1 b5 10. a3 a5 11. Qc2 b4 12. axb4 axb4 13. d4 bxc3 14. bxc3 Nd7 15. Bb2 cxd4 16. Nxd4 Nce5 17. h3 Qc7 18. Rec1 Nc5 19. Bf1 Rxb2 20. Qxb2 Ned3 21. Qc2 Nxc1 22. Rxc1 Bd7 23. Kh2 Rc8 24. Nb5 Qa5 25. Nb3 Qb6 26. c4 Nxb3 27. Qxb3 Bxb5 28. Rb1 Qxf2+ 29. Kh1 Bc6 30. Bg2 Be5 31. Kh2 Bxe4 0-1

[Event "MVP-ch Seniors op 17th"]
[Site "Binz"]
[Date "2017.12.03"]
[Round "5.30"]
[White "Fleischer, Matthias"]
[Black "Rychlik, Kurt"]
[Result "0-1"]
[WhiteElo "1911"]
[BlackElo "2006"]
[PlyCount "110"]
[EventDate "2017.11.29"]
[EventType "swiss"]
[EventRounds "9"]
[EventCountry "GER"]
[SourceTitle "EXT 2019"]
[Source "ChessBase"]
[SourceDate "2018.10.10"]
[SourceVersion "1"]
[SourceVersionDate "2018.10.10"]
[SourceQuality "1"]

1. d4 g6 2. c4 Bg7 3. Nc3 d6 4. e4 Nc6 5. Be3 e5 6. d5 Nce7 7. Qd2 f5 8. f3 h6 9. Bd3 Nf6 10. 0-0-0 b6 11. Bc2 Bd7 12. Nge2 f4 13. Bf2 g5 14. Rhg1 Ng6 15. g3 0-0 16. h4 fxg3 17. Bxg3 g4 18. f4 h5 19. fxe5 Nxe5 20. Bxe5 dxe5 21. Kb1 Ne8 22. Qg5 Qxg5 23. hxg5 Nd6 24. Bd3 Kh7 25. Ng3 Kg6 26. Rh1 Rh8 27. Nb5 Nxb5 28. cxb5 Kxg5 29. Rc1 Rac8 30. Rhf1 Bf6 31. Nf5 h4 32. Rc2 g3 33. Rg2 Rcf8 34. Nxg3 Bh3 35. Rf5+ Kg6 36. Rg1 hxg3 37. Rxg3+ Kf7 38. Rf2 Ke7 39. Rc2 Kd8 40. a4 Bd7 41. Rgg2 Rhg8 42. Rh2 Rg3 43. Rc3 Be7 44. Rhc2 Bd6 45. Ka2 Rff3 46. Be2 Rxc3 47. bxc3 Re3 48. Kb3 Rxe4 49. Bh5 Rh4 50. Bg6 Rg4 51. Bh7 Ke7 52. Rh2 Bc5 53. Re2 Kf6 54. Bd3 Bf5 55. Bc4 e4 0-1

[Event "MVP-ch Seniors op 17th"]
[Site "Binz"]
[Date "2017.12.02"]
[Round "4.39"]
[White "Rychlik, Kurt"]
[Black "Krueger, Detlef"]
[Result "1-0"]
[WhiteElo "2006"]
[BlackElo "1834"]
[PlyCount "95"]
[EventDate "2017.11.29"]
[EventType "swiss"]
[EventRounds "9"]
[EventCountry "GER"]
[SourceTitle "EXT 2019"]
[Source "ChessBase"]
[SourceDate "2018.10.10"]
[SourceVersion "1"]
[SourceVersionDate "2018.10.10"]
[SourceQuality "1"]

1. Nf3 Nf6 2. g3 g6 3. Bg2 Bg7 4. c4 0-0 5. Nc3 Nc6 6. d4 d5 7. cxd5 Nxd5 8. 0-0 Nxc3 9. bxc3 e6 10. e4 Ne7 11. Ba3 Re8 12. Re1 c6 13. Qc2 b6 14. Rad1 Qc7 15. c4 Bb7 16. Bc1 Rad8 17. Bf4 Qc8 18. Qc1 f6 19. h4 f5 20. e5 Kh8 21. Ng5 Kg8 22. Bf3 h6 23. Nh3 Kh7 24. Qa3 Qc7 25. Be3 Bc8 26. Nf4 g5 27. hxg5 hxg5 28. Nh5 g4 29. Be2 Bh6 30. Nf6+ Kg6 31. Bxh6 Kxh6 32. Nxe8 Rxe8 33. Kg2 c5 34. Rh1+ Kg6 35. Qe3 Ng8 36. Rh4 Bb7+ 37. f3 Qg7 38. Rdh1 cxd4 39. Qxd4 gxf3+ 40. Bxf3 Bxf3+ 41. Kxf3 Qb7+ 42. Kf2 Qc7 43. g4 Rd8 44. gxf5+ exf5 45. Rg1+ Kf7 46. Rh7+ Kf8 47. Rxc7 Rxd4 48. Rc8+ 1-0

[Event "MVP-ch Seniors op 17th"]
[Site "Binz"]
[Date "2017.11.30"]
[Round "2.57"]
[White "Rychlik, Kurt"]
[Black "Wraga, Hermann"]
[Result "1-0"]
[WhiteElo "2006"]
[BlackElo "1692"]
[PlyCount "25"]
[EventDate "2017.11.29"]
[EventType "swiss"]
[EventRounds "9"]
[EventCountry "GER"]
[SourceTitle "EXT 2019"]
[Source "ChessBase"]
[SourceDate "2018.10.10"]
[SourceVersion "1"]
[SourceVersionDate "2018.10.10"]
[SourceQuality "1"]

1. Nf3 g6 2. c4 f5 3. Nc3 Nf6 4. d3 d6 5. e4 fxe4 6. dxe4 e5 7. Be2 Bg7 8. h3 0-0 9. Bg5 Qd7 10. Qd2 a6 11. Rd1 b6 12. Bxf6 Bxf6 13. Qd5+ 1-0

[Event "Schleswig Holstein-ch Seniors op 11th"]
[Site "Buesum"]
[Date "2017.09.12"]
[Round "5"]
[White "Rychlik, Kurt"]
[Black "Brandt, Fred"]
[Result "1-0"]
[WhiteElo "1988"]
[BlackElo "1805"]
[PlyCount "87"]
[EventDate "2017.09.08"]
[EventType "swiss"]
[EventRounds "9"]
[EventCountry "GER"]
[SourceTitle "EXT 2019"]
[Source "ChessBase"]
[SourceDate "2018.10.10"]
[SourceVersion "1"]
[SourceVersionDate "2018.10.10"]
[SourceQuality "1"]

1. Nf3 Nf6 2. c4 d6 3. d4 e6 4. Nc3 Be7 5. e4 0-0 6. Be2 Nbd7 7. 0-0 e5 8. Qc2 exd4 9. Nxd4 Nc5 10. b4 Ne6 11. Nf5 c5 12. a3 Nc7 13. Ne3 Ne6 14. Bb2 Nd4 15. Qd3 b6 16. Rad1 Bb7 17. f3 Qc7 18. Ncd5 Nxe2+ 19. Qxe2 Bxd5 20. Nxd5 Nxd5 21. Rxd5 Rac8 22. b5 Rcd8 23. Rfd1 f6 24. g4 Qc8 25. Kg2 Qe6 26. Bc1 h6 27. Bf4 Rd7 28. Qd2 Rfd8 29. a4 Bf8 30. h4 g5 31. Bg3 Be7 32. Qd3 Kg7 33. Qc3 Kg8 34. Rh1 Bf8 35. Ra1 Rh7 36. a5 Qc8 37. Qxf6 Rf7 38. Qg6+ Bg7 39. hxg5 hxg5 40. Qxg5 Rf6 41. axb6 axb6 42. Rad1 Qa8 43. Be5 Qa2+ 44. R1d2 1-0

[Event "MVP-ch Seniors op 16th"]
[Site "Binz"]
[Date "2016.11.29"]
[Round "7.17"]
[White "Rychlik, Kurt"]
[Black "Lewald, Stephan"]
[Result "1-0"]
[WhiteElo "2030"]
[BlackElo "1976"]
[PlyCount "89"]
[EventDate "2016.11.23"]
[EventType "swiss"]
[EventRounds "9"]
[EventCountry "GER"]
[SourceTitle "EXT 2018"]
[Source "ChessBase"]
[SourceDate "2017.10.13"]
[SourceVersion "1"]
[SourceVersionDate "2017.10.13"]
[SourceQuality "1"]

1. e4 c5 2. Nf3 g6 3. g3 Bg7 4. d3 Nc6 5. Bg2 d6 6. Nbd2 e6 7. 0-0 Nge7 8. Re1 0-0 9. c3 Bd7 10. Nc4 Qc7 11. Bf4 e5 12. Bd2 h6 13. Ne3 Qc8 14. Qc1 Kh7 15. Nc4 Qc7 16. a4 Be6 17. Ne3 Qd7 18. h4 d5 19. c4 dxe4 20. dxe4 Ng8 21. Nd5 Bg4 22. Be3 b6 23. Qc2 Rac8 24. Ra3 Bxf3 25. Bxf3 Rfe8 26. Bg2 Nd4 27. Qd1 Rb8 28. Kh2 Qd8 29. Rd3 Rb7 30. Bxd4 cxd4 31. b3 h5 32. f4 a5 33. f5 Qd6 34. Rf1 Nf6 35. Nxf6+ Bxf6 36. Qf3 Kg7 37. Rd2 g5 38. Qxh5 Rh8 39. Qg4 Qe7 40. Kg1 Qd8 41. hxg5 Bxg5 42. f6+ Kh6 43. Rf5 Rg8 44. Rdf2 Rg6 45. Qh3+ 1-0

[Event "Schleswig Holstein-ch Seniors op 10th"]
[Site "Buesum"]
[Date "2016.09.29"]
[Round "4"]
[White "Rychlik, Kurt"]
[Black "Leiber, Bernhard"]
[Result "1/2-1/2"]
[WhiteElo "2032"]
[BlackElo "2129"]
[PlyCount "135"]
[EventDate "2016.09.26"]
[EventType "swiss"]
[EventRounds "9"]
[EventCountry "GER"]
[SourceTitle "EXT 2019"]
[Source "ChessBase"]
[SourceDate "2018.10.10"]
[SourceVersion "1"]
[SourceVersionDate "2018.10.10"]
[SourceQuality "1"]

1. Nf3 d5 2. g3 Nd7 3. d3 Ngf6 4. Bg2 e5 5. Nbd2 Bd6 6. e4 c6 7. 0-0 0-0 8. c3 Re8 9. Re1 b6 10. Qc2 Bb7 11. Nf1 Qc7 12. Ne3 g6 13. h3 Kg7 14. Nh2 h5 15. Nf3 Rad8 16. Nh4 dxe4 17. dxe4 Bf8 18. b4 c5 19. a3 a6 20. Bb2 Rc8 21. Qb1 b5 22. f3 Kh7 23. Bc1 Nb6 24. Bd2 Rcd8 25. Qc1 Rd7 26. Nf1 Nc4 27. Bg5 Ng8 28. Qc2 f6 29. Bc1 Red8 30. f4 Bh6 31. f5 g5 32. Ng6 Ne7 33. Nxe7 Rxe7 34. Qe2 Bc6 35. Bf3 Rh8 36. Bxh5 Kg8 37. Ne3 Bf8 38. Nxc4 bxc4 39. Qxc4+ Kg7 40. Bg4 Qb7 41. Ra2 Rc7 42. Qe2 Be7 43. Rd2 Rhc8 44. Bb2 a5 45. h4 gxh4 46. gxh4 cxb4 47. axb4 axb4 48. Bh5 bxc3 49. Qg4+ Kh8 50. Rg2 Bc5+ 51. Kh2 cxb2 52. Bg6 Rg7 53. Qh5+ Kg8 54. Bh7+ Kf8 55. Qh6 Qf7 56. Rxb2 Ke7 57. Bg6 Qf8 58. Qc1 Bxe4 59. Rxe4 Kd8 60. Rd2+ Bd4 61. Rexd4+ exd4 62. Rxd4+ Rd7 63. Qd2 Rcc7 64. Rxd7+ Rxd7 65. Qa5+ Rc7 66. Qd5+ Rd7 67. Qa8+ Ke7 68. Qe4+ 1/2-1/2

[Event "Schleswig Holstein-ch Seniors op 10th"]
[Site "Buesum"]
[Date "2016.09.27"]
[Round "2"]
[White "Rychlik, Kurt"]
[Black "Hilbig, Klaus"]
[Result "1-0"]
[WhiteElo "2032"]
[BlackElo "1709"]
[PlyCount "61"]
[EventDate "2016.09.26"]
[EventType "swiss"]
[EventRounds "9"]
[EventCountry "GER"]
[SourceTitle "EXT 2019"]
[Source "ChessBase"]
[SourceDate "2018.10.10"]
[SourceVersion "1"]
[SourceVersionDate "2018.10.10"]
[SourceQuality "1"]

1. Nf3 Nf6 2. g3 g6 3. Bg2 Bg7 4. 0-0 0-0 5. d3 d5 6. Nbd2 Nbd7 7. Re1 e5 8. e4 dxe4 9. dxe4 b5 10. Qe2 c6 11. a4 a6 12. Nb3 Bb7 13. Bd2 Qe7 14. Na5 Rab8 15. b4 Ba8 16. Nb3 Ne8 17. axb5 axb5 18. Ra7 Nd6 19. Nc5 Bb7 20. Be3 Nb6 21. Rea1 Nbc4 22. Nxb7 Nxe3 23. Nxd6 Qxd6 24. Qxe3 Qxb4 25. Ne1 Rfd8 26. Nd3 Qc3 27. R1a2 Bf8 28. Qf3 f5 29. exf5 g5 30. Qh5 Bg7 31. Qf7+ 1-0

[Event "WchT Seniors 65"]
[Site "Radebeul"]
[Date "2016.07.04"]
[Round "9.22"]
[White "Taksrud, Vidar"]
[Black "Rychlik, Kurt"]
[Result "1/2-1/2"]
[WhiteElo "1979"]
[BlackElo "2023"]
[PlyCount "131"]
[EventDate "2016.06.26"]
[EventType "team-swiss"]
[EventRounds "9"]
[EventCountry "GER"]
[SourceTitle "CBM 173 Extra"]
[Source "ChessBase"]
[SourceDate "2016.08.29"]
[SourceVersion "1"]
[SourceVersionDate "2016.08.29"]
[SourceQuality "1"]
[WhiteTeam "Norway III"]
[BlackTeam "Surprise"]
[WhiteTeamCountry "NOR"]
[BlackTeamCountry "GER"]

1. d4 g6 2. Nf3 Bg7 3. g3 d6 4. Bg2 Nd7 5. c3 e5 6. dxe5 dxe5 7. Bg5 Ne7 8. Na3 h6 9. Be3 Nf5 10. Nc4 0-0 11. Qd2 Qe7 12. 0-0 Re8 13. Rfd1 a5 14. a4 Ra6 15. Rac1 Nxe3 16. Qxe3 Nc5 17. Rd5 Nxa4 18. Nfxe5 Nb6 19. Nxb6 Rxb6 20. Nc4 Re6 21. Qd3 Rxe2 22. Bf1 Re4 23. Rxa5 Bf5 24. Ne3 Qg5 25. Nxf5 Qxc1 26. Ne3 Qxb2 27. Nd5 c6 28. Nc7 Qxc3 29. Nxe8 Rxe8 30. Qd7 Qxa5 31. Qxe8+ Bf8 32. Bc4 Qf5 33. Ba2 Kg7 34. Kg2 Bc5 35. Qe2 Bd4 36. f3 b5 37. g4 Qe5 38. Kf1 g5 39. Bb1 Qxe2+ 40. Kxe2 Kf6 41. Be4 c5 42. Bc6 b4 43. Bd5 Ke7 44. Kd3 f6 45. Bb3 Kd6 46. Ke4 Kc6 47. Ba4+ Kb6 48. Kd5 Ka5 49. Bd1 Kb5 50. Bb3 Be5 51. h3 c4 52. Bxc4+ Ka4 53. Ke4 b3 54. Kf5 Kb4 55. Bd5 b2 56. Be4 Kc3 57. Kg6 Kd2 58. Kxh6 Kc1 59. Kh5 b1Q 60. Bxb1 Kxb1 61. h4 gxh4 62. Kxh4 Bf4 63. Kh5 Kc2 64. Kg6 Bg5 65. f4 Bxf4 66. Kxf6 1/2-1/2

[Event "WchT Seniors 65"]
[Site "Radebeul"]
[Date "2016.07.03"]
[Round "8.21"]
[White "Haase, Wolfgang"]
[Black "Rychlik, Kurt"]
[Result "0-1"]
[WhiteElo "2144"]
[BlackElo "2023"]
[PlyCount "108"]
[EventDate "2016.06.26"]
[EventType "team-swiss"]
[EventRounds "9"]
[EventCountry "GER"]
[SourceTitle "CBM 173 Extra"]
[Source "ChessBase"]
[SourceDate "2016.08.29"]
[SourceVersion "1"]
[SourceVersionDate "2016.08.29"]
[SourceQuality "1"]
[WhiteTeam "Hessen II"]
[BlackTeam "Surprise"]
[WhiteTeamCountry "GER"]
[BlackTeamCountry "GER"]

1. e4 g6 2. d4 d6 3. Nc3 Bg7 4. Be3 a6 5. a4 b6 6. Bc4 e6 7. Qd2 h6 8. Nge2 Ne7 9. h4 d5 10. Bd3 Bb7 11. h5 g5 12. exd5 Nxd5 13. Be4 Nd7 14. Bxd5 Bxd5 15. Nxd5 exd5 16. Ng3 Qf6 17. 0-0 0-0 18. f4 g4 19. f5 Rfe8 20. c3 Kh7 21. Bf4 c6 22. Rae1 b5 23. Re3 Bf8 24. Rfe1 Rxe3 25. Qxe3 c5 26. Be5 Qc6 27. Qf4 f6 28. Bc7 Rc8 29. Ba5 Bd6 30. Qf2 bxa4 31. Re6 Nf8 32. Rxf6 Bxg3 33. Rf7+ Kg8 34. Rxf8+ Rxf8 35. Qxg3 Rxf5 36. Qxg4+ Rg5 37. Qf4 Qe6 38. Qf2 cxd4 39. cxd4 Rxh5 40. Bb4 Rf5 41. Qg3+ Kh7 42. Bd2 Qf6 43. Be3 Rf1+ 44. Kh2 Qg6 45. Qh3 Rf5 46. Kg1 Qh5 47. Qxh5 Rxh5 48. Kf2 Rh1 49. Bd2 Kg6 50. Kf3 h5 51. Bb4 Kf5 52. g3 Rd1 53. Ke3 Kg4 54. Bd6 Rb1 0-1

[Event "WchT Seniors 65"]
[Site "Radebeul"]
[Date "2016.06.29"]
[Round "4.1"]
[White "Rosen, Willy"]
[Black "Rychlik, Kurt"]
[Result "1-0"]
[WhiteElo "2266"]
[BlackElo "2023"]
[PlyCount "97"]
[EventDate "2016.06.26"]
[EventType "team-swiss"]
[EventRounds "9"]
[EventCountry "GER"]
[SourceTitle "CBM 173 Extra"]
[Source "ChessBase"]
[SourceDate "2016.08.29"]
[SourceVersion "1"]
[SourceVersionDate "2016.08.29"]
[SourceQuality "1"]
[WhiteTeam "Katernberg"]
[BlackTeam "Surprise"]
[WhiteTeamCountry "GER"]
[BlackTeamCountry "GER"]

1. e4 g6 2. d4 d6 3. Nc3 Bg7 4. Be3 a6 5. a4 b6 6. Qd2 Nd7 7. Bc4 c5 8. Nf3 h6 9. 0-0 Qc7 10. dxc5 Bb7 11. Nd5 Qc8 12. e5 e6 13. Nf6+ Bxf6 14. exf6 d5 15. c6 Qxc6 16. Bb3 Ngxf6 17. Bxh6 Ne4 18. Qc1 0-0-0 19. Bf4 Rh5 20. c4 Ndc5 21. cxd5 exd5 22. Bc2 d4 23. Bxe4 Nxe4 24. Ne5 Qc5 25. Nxf7 Rdd5 26. f3 Nf6 27. Nd6+ Rxd6 28. Bxd6 Qc6 29. Re1 Rd5 30. Re6 Kd7 31. Qxc6+ Bxc6 32. Rxf6 Rxd6 33. Rxd6+ Kxd6 34. Kf2 Kd5 35. h4 Bd7 36. g4 Kc4 37. h5 gxh5 38. gxh5 Bf5 39. Rc1+ Kb4 40. Rc6 b5 41. axb5 axb5 42. h6 Kb3 43. Rc5 Bd3 44. Rxb5+ Bxb5 45. h7 Kxb2 46. h8Q Kc3 47. Qe5 Kc4 48. f4 d3 49. Ke3 1-0

[Event "WchT Seniors 65"]
[Site "Radebeul"]
[Date "2016.06.28"]
[Round "3.1"]
[White "Rychlik, Kurt"]
[Black "Ager, Josef"]
[Result "0-1"]
[WhiteElo "2023"]
[BlackElo "2158"]
[PlyCount "160"]
[EventDate "2016.06.26"]
[EventType "team-swiss"]
[EventRounds "9"]
[EventCountry "GER"]
[SourceTitle "CBM 173 Extra"]
[Source "ChessBase"]
[SourceDate "2016.08.29"]
[SourceVersion "1"]
[SourceVersionDate "2016.08.29"]
[SourceQuality "1"]
[WhiteTeam "Surprise"]
[BlackTeam "Niederoesterreich"]
[WhiteTeamCountry "GER"]
[BlackTeamCountry "AUT"]

1. g3 Nf6 2. Bg2 g6 3. e4 d6 4. d4 Bg7 5. Ne2 0-0 6. 0-0 Nc6 7. d5 Na5 8. Nd2 c5 9. Rb1 Rb8 10. c3 b6 11. b4 Nb7 12. Nc4 e6 13. Ne3 exd5 14. exd5 Bd7 15. Re1 Qe8 16. Bb2 Ba4 17. Qd3 Qd7 18. Nf4 Rfe8 19. a3 Re7 20. Bh3 Qc7 21. c4 cxb4 22. axb4 a5 23. Qa3 Bd7 24. Qa1 Ne8 25. Bxg7 Nxg7 26. bxa5 bxa5 27. Bxd7 Qxd7 28. Rb5 Rbe8 29. Reb1 Qc8 30. Kg2 h5 31. Qb2 Nc5 32. Rxa5 Ne4 33. Rb5 Nxf2 34. Rb8 Qc5 35. Rxe8+ Rxe8 36. Qxf2 Rxe3 37. Rb5 Qd4 38. Rb8+ Kh7 39. Rb2 Qe4+ 40. Kh3 Qf5+ 41. Kg2 Qe4+ 42. Kh3 g5 43. Nxh5 Nxh5 44. Qxf7+ Ng7 45. Rb7 Qg6 46. Kg2 g4 47. Qxg6+ Kxg6 48. Rb6 Nf5 49. c5 Re2+ 50. Kg1 Rd2 51. cxd6 Rxd5 52. d7+ Kg5 53. Rb7 Rd2 54. Kf1 Nh6 55. Ke1 Rd4 56. Ke2 Nf7 57. Ke3 Rd5 58. Ke4 Re5+ 59. Kd4 Re2 60. Rb5+ Kf6 61. Rd5 Rxh2 62. Kc5 Rc2+ 63. Kb6 Rc3 64. d8Q+ Nxd8 65. Rxd8 Rxg3 66. Kc5 Re3 67. Kd4 Re1 68. Rg8 Kf5 69. Kd3 Kf4 70. Kd2 Re7 71. Rf8+ Kg3 72. Rg8 Kf3 73. Rf8+ Kg2 74. Rg8 g3 75. Rg6 Kf2 76. Rf6+ Kg1 77. Rg6 g2 78. Rg5 Rh7 79. Ke2 Kh1 80. Kf2 Rf7+ 0-1

[Event "Sachsen-Anhalt-ch Seniors 24th"]
[Site "Halberstadt"]
[Date "2016.05.29"]
[Round "1"]
[White "Wildner, Alfred"]
[Black "Rychlik, Kurt"]
[Result "0-1"]
[WhiteElo "1797"]
[BlackElo "2056"]
[PlyCount "66"]
[EventDate "2016.05.29"]
[EventType "swiss"]
[EventRounds "7"]
[EventCountry "GER"]
[SourceTitle "EXT 2019"]
[Source "ChessBase"]
[SourceDate "2018.10.10"]
[SourceVersion "1"]
[SourceVersionDate "2018.10.10"]
[SourceQuality "1"]

1. d4 Nf6 2. Nf3 g6 3. c4 Bg7 4. Nc3 d6 5. e4 0-0 6. Be2 Nc6 7. 0-0 e5 8. d5 Ne7 9. Ne1 Ne8 10. Nc2 f5 11. f3 f4 12. Qe1 g5 13. Nd1 Ng6 14. Nf2 h5 15. h3 Nf6 16. Nh1 Bd7 17. g4 Kf7 18. Rf2 Rh8 19. Bf1 Rh6 20. Qe2 Qh8 21. Rh2 Qh7 22. Bd2 Rh8 23. Be1 hxg4 24. fxg4 Bxg4 25. Qd3 Bxh3 26. Bxh3 Rxh3 27. Rxh3 Qxh3 28. Qxh3 Rxh3 29. Kg2 g4 30. Nf2 Nh4+ 31. Kf1 Rh2 32. Rc1 g3 33. Nd3 g2+ 0-1

[Event "Hessen-ch Seniors op 12th"]
[Site "Bad Sooden-Allendorf"]
[Date "2016.05.08"]
[Round "9"]
[White "Rychlik, Kurt"]
[Black "Mayeres, Hans Christian"]
[Result "1-0"]
[WhiteElo "2056"]
[BlackElo "1872"]
[PlyCount "79"]
[EventDate "2016.04.30"]
[EventType "swiss"]
[EventRounds "9"]
[EventCountry "GER"]
[SourceTitle "EXT 2019"]
[Source "ChessBase"]
[SourceDate "2018.10.10"]
[SourceVersion "1"]
[SourceVersionDate "2018.10.10"]
[SourceQuality "1"]

1. e4 g6 2. d4 Bg7 3. Nf3 d6 4. Bc4 Nf6 5. Nbd2 0-0 6. c3 Nxe4 7. Nxe4 d5 8. Bd3 dxe4 9. Bxe4 c6 10. h3 Nd7 11. 0-0 Nf6 12. Bd3 h6 13. Re1 Re8 14. Bf4 Qb6 15. Qd2 Kh7 16. Ne5 Rf8 17. Re2 c5 18. dxc5 Qxc5 19. Rae1 b6 20. Qc2 Nd5 21. Bc1 f5 22. h4 e6 23. a3 a5 24. c4 Ne7 25. Bf4 Nc6 26. Nf3 Nd4 27. Nxd4 Bxd4 28. Be5 Ra7 29. b4 axb4 30. axb4 Bxf2+ 31. Rxf2 Qxb4 32. Bc3 Qc5 33. Re5 Qc6 34. Rfe2 Re8 35. h5 Bd7 36. hxg6+ Kxg6 37. R2e3 Rg8 38. Qe2 Kh7 39. Bxf5+ exf5 40. Re7+ 1-0

[Event "Hessen-ch Seniors op 12th"]
[Site "Bad Sooden-Allendorf"]
[Date "2016.05.06"]
[Round "7"]
[White "Rychlik, Kurt"]
[Black "Duijker, Bert"]
[Result "1-0"]
[WhiteElo "2056"]
[BlackElo "1889"]
[PlyCount "111"]
[EventDate "2016.04.30"]
[EventType "swiss"]
[EventRounds "9"]
[EventCountry "GER"]
[SourceTitle "EXT 2019"]
[Source "ChessBase"]
[SourceDate "2018.10.10"]
[SourceVersion "1"]
[SourceVersionDate "2018.10.10"]
[SourceQuality "1"]

1. Nf3 d6 2. d4 g6 3. e4 Bg7 4. Bd3 c5 5. c3 Nf6 6. h3 0-0 7. 0-0 Nc6 8. d5 Nb8 9. Nbd2 Nbd7 10. a4 Nh5 11. Nc4 Ne5 12. Nfxe5 dxe5 13. Be3 Qc7 14. Qd2 Nf4 15. Rfe1 g5 16. Bf1 h6 17. Kh2 b6 18. g3 Nh5 19. Be2 Nf6 20. f3 Ne8 21. Rg1 Ba6 22. b3 Nd6 23. h4 f6 24. Bd3 Bxc4 25. bxc4 Qd7 26. g4 Nf7 27. Kg3 gxh4+ 28. Kxh4 Ng5 29. Kg3 Kf7 30. a5 Rfc8 31. Ra3 b5 32. cxb5 c4 33. Bc2 Qxb5 34. a6 Qb2 35. Rga1 e6 36. R3a2 Qb5 37. Ba4 Qb8 38. dxe6+ Kg6 39. Rb2 Qc7 40. Rb7 Qd8 41. Rd7 Qg8 42. Bxg5 fxg5 43. e7 Qf7 44. Rb1 Qf4+ 45. Qxf4 exf4+ 46. Kg2 Bxc3 47. Rd6+ Bf6 48. e5 c3 49. Rxf6+ Kg7 50. Bc2 Rab8 51. Rb7 Re8 52. Rc6 Kf7 53. Bb3+ Kg7 54. Rxc3 Kh8 55. Ba4 Rxe7 56. Rxe7 1-0

[Event "Hessen-ch Seniors op 12th"]
[Site "Bad Sooden-Allendorf"]
[Date "2016.05.02"]
[Round "3"]
[White "Rychlik, Kurt"]
[Black "Rehder, Frank"]
[Result "0-1"]
[WhiteElo "2056"]
[BlackElo "1857"]
[PlyCount "72"]
[EventDate "2016.04.30"]
[EventType "swiss"]
[EventRounds "9"]
[EventCountry "GER"]
[SourceTitle "EXT 2019"]
[Source "ChessBase"]
[SourceDate "2018.10.10"]
[SourceVersion "1"]
[SourceVersionDate "2018.10.10"]
[SourceQuality "1"]

1. c4 Nf6 2. Nc3 g6 3. d4 Bg7 4. e4 d6 5. Be2 0-0 6. Be3 Nbd7 7. h4 c5 8. d5 h5 9. Nh3 Ne5 10. f3 Bd7 11. Nf2 a6 12. g4 hxg4 13. fxg4 Qc8 14. Rg1 Nh7 15. g5 f5 16. Qd2 b5 17. cxb5 axb5 18. h5 b4 19. Ncd1 Qe8 20. h6 Bh8 21. exf5 Bxf5 22. Ng4 Bxg4 23. Bxg4 Nf3+ 24. Bxf3 Rxf3 25. Qe2 Qf7 26. Nf2 Bxb2 27. Qxb2 Rxe3+ 28. Kf1 Re5 29. Rd1 Rf8 30. Qd2 Qf5 31. Rg2 Nxg5 32. Qb2 Rf6 33. Qb3 Ne4 34. Qd3 Nxf2 35. Qxf5 Rexf5 36. Rd2 Ne4+ 0-1

[Event "MVP-ch Seniors op 15th"]
[Site "Binz"]
[Date "2015.12.01"]
[Round "8.30"]
[White "Rieck, Helmut"]
[Black "Rychlik, Kurt"]
[Result "0-1"]
[WhiteElo "1753"]
[BlackElo "1935"]
[PlyCount "28"]
[EventDate "2015.11.24"]
[EventType "swiss"]
[EventRounds "9"]
[EventCountry "GER"]
[SourceTitle "EXT 2017"]
[Source "ChessBase"]
[SourceDate "2016.10.25"]
[SourceVersion "1"]
[SourceVersionDate "2016.10.25"]
[SourceQuality "1"]

1. d4 g6 2. e4 Bg7 3. Nf3 d6 4. c3 Nd7 5. Bc4 e6 6. 0-0 Ne7 7. Bg5 h6 8. Be3 Nf6 9. e5 Nfd5 10. Nbd2 0-0 11. Qe2 a6 12. a4 Bd7 13. Ne4 Nxe3 14. fxe3 d5 0-1

[Event "MVP-ch Seniors op 15th"]
[Site "Binz"]
[Date "2015.11.30"]
[Round "7.21"]
[White "Rychlik, Kurt"]
[Black "Gerhardt, Peter Michael"]
[Result "0-1"]
[WhiteElo "1935"]
[BlackElo "1766"]
[PlyCount "82"]
[EventDate "2015.11.24"]
[EventType "swiss"]
[EventRounds "9"]
[EventCountry "GER"]
[SourceTitle "EXT 2017"]
[Source "ChessBase"]
[SourceDate "2016.10.25"]
[SourceVersion "1"]
[SourceVersionDate "2016.10.25"]
[SourceQuality "1"]

1. Nf3 Nf6 2. g3 g6 3. Bg2 Bg7 4. 0-0 0-0 5. d3 d5 6. Nbd2 c5 7. e4 Nc6 8. Re1 e6 9. c3 b6 10. e5 Nd7 11. d4 cxd4 12. cxd4 Bb7 13. Nf1 Rc8 14. a3 b5 15. Be3 a5 16. Bh3 a4 17. b4 Nb6 18. N1d2 Nc4 19. Nxc4 dxc4 20. Ng5 Ne7 21. f3 Nf5 22. Ne4 Nxe3 23. Rxe3 Bc6 24. Bg2 Qb6 25. Nc5 Rfd8 26. f4 Bxg2 27. Kxg2 Bf8 28. Re4 Qc6 29. Qf3 Rd5 30. Rd1 Rcd8 31. Re3 Qc8 32. Re4 Bxc5 33. bxc5 Qd7 34. Rb1 Rxd4 35. Rxd4 Qxd4 36. Rxb5 c3 37. c6 c2 38. c7 c1Q 39. cxd8Q+ Qxd8 40. h4 h5 41. Kh3 Qdd1 0-1